| 000 | 01119nam a22003017a 4500 | ||
|---|---|---|---|
| 001 | 10131 | ||
| 003 | FISKH | ||
| 005 | 20260428100124.0 | ||
| 008 | 260423b cb ||||| |||| 00| 0 eng d | ||
| 020 | _a9780462004860 | ||
| 040 |
_aFISKH _beng _cFISKH _dFISKH |
||
| 050 | _aPZ7 | ||
| 082 | _a823.92 | ||
| 100 |
_aWard, Nicole _eAuthor |
||
| 245 |
_aAt the Airshow / _cWritten by Nicole Ward |
||
| 250 | _aFirst published 2008 | ||
| 260 |
_aLondon : _bMarshall Cavendish Limited , _c2008 |
||
| 300 |
_a16 pages : _bcolor illustrations ; _c16 X 19 cm |
||
| 490 |
_aMy Pals Are Here ! Reading Stars : _v7e |
||
| 505 | _aG | ||
| 520 | _aA character visits an airshow and watches different airplanes perform exciting tricks in the sky. They see planes flying fast, high, and in special formations. The visit is fun and full of interesting sights, ending with the character enjoying the experience and learning about airplanes. | ||
| 521 | 8 |
_a400
_bLexile estimate |
|
| 521 | 8 |
_aG
_bRaz-Plus |
|
| 650 |
_aAirshow _vAirplanes |
||
| 650 |
_aAviation _vFlying |
||
| 942 |
_2ddc _cBK _n0 |
||
| 999 |
_c10131 _d10131 |
||